Topology I : general survey

Αποθηκεύτηκε σε:
Λεπτομέρειες βιβλιογραφικής εγγραφής
Άλλοι συγγραφείς: Novikov, Sergei Petrovich (Επιμελητής έκδοσης)
Μορφή: Βιβλίο
Γλώσσα:English
Δημοσίευση: Berlin : Springer, c1996
Σειρά:Encyclopaedia of mathematical sciences ; ; 12
Θέματα:
Ετικέτες: Προσθήκη ετικέτας
Δεν υπάρχουν, Καταχωρήστε ετικέτα πρώτοι!

MARC

LEADER 00000nam a2200000 i 4500
001 1/71816
008 990310s1996 eng d
020 |a 0387170073 
020 |a 3540170073 
035 |l 10048419 
040 |a GR-MY-UA  |b eng  |e aacr 
041 0 |a eng 
082 0 |a 514.223 
245 1 0 |a Topology I :  |b general survey /  |c S. P. Novikov (ed.) 
260 |a Berlin :   |b Springer,   |c c1996 
300 |a 319 p.;  |b ill.;  |c 25 cm. 
490 1 |a Encyclopedia of mathematical sciences  |v ; 12 
500 |a Translation from the Russian 
500 |a Includes bibliographical references and index 
650 0 0 |a Manifolds (Mathematics) 
700 1 |a Novikov, Sergei Petrovich.  |4 edt 
830 0 |a Encyclopaedia of mathematical sciences ;  |v ; 12 
852 |a INST  |b SAMOS  |e 19990310  |h 514.223 TOP  |p 005300013384  |q 005300013384  |t BK  |y 0 
901 |a BIBL-1999-1 
909 |a Σ  |b 060695 
922 |a 3ΕΛΗ  |b 199901  |c ΕΠΕΑΕΚ/ΜΑΘ  |d LEADER